00527nam a22001577a 4500003000400000008004100004020001800045082002100063100003100084245006000115260003900175300001300214942001200227999001700239952011300256OSt250716b |||||||| |||| 00| 0 eng d a9789387774957 a891.431032bS53H aNaresh Kumar Sharma 'Jeev' aHindi Doha Krit Valmikiy Ramayan (Balkand Pratham Sarg) aNew DelhibShivank Prakashanc2025 aviii,71p 2ddccHB c48475d48475 00102ddc4070aRAUbRAUd2025-07-16eDPS, New Delhil0o891.431032 S53Hp82714r2025-07-16w2025-07-16yHB